El Fuero Viejo de Castilla (Record no. 154202)
[ view plain ]
| 000 -LEADER | |
|---|---|
| campo de control de longitud fija | 01232nam a2200265 i 4500 |
| 001 - NÚMERO DE CONTROL | |
| campo de control | 154202 |
| 003 - IDENTIFICADOR DE NÚMERO DE CONTROL | |
| campo de control | ES-MaACL |
| 005 - FECHA Y HORA DE LA ÚLTIMA TRANSACCIÓN | |
| campo de control | 20250727053337.0 |
| 008 - DATOS DE LONGITUD FIJA--INFORMACIÓN GENERAL | |
| campo de control de longitud fija | 931025s1771 sp |||| | spa d |
| 130 0# - ENTRADA PRINCIPAL--TÍTULO UNIFORME | |
| Título uniforme | Fuero de Castilla. |
| 9 (RLIN) | 121668 |
| 245 13 - MENCIÓN DEL TÍTULO | |
| Título | El Fuero Viejo de Castilla |
| Resto del título | : sacado y comprobado con el exemplar de la misma obra, que existe en la Real Biblioteca de esta Corte, y con otros mss. / |
| Mención de responsabilidad, etc. | publicanlo con notas historicas y legales ... D. Ignacio Jordan de Asso y del Rio y D. Miguel de Manuel y Rodriguez... |
| 260 ## - PUBLICACIÓN, DISTRIBUCIÓN, ETC. | |
| Lugar de publicación, distribución, etc. | Madrid : |
| Nombre del editor, distribuidor, etc. | por D. Joachin Ibarra..., |
| Fecha de publicación, distribución, etc. | 1771. |
| 300 ## - DESCRIPCIÓN FÍSICA | |
| Extensión | [4], LVI, 143 p. ; |
| Dimensiones | Fol. (32 cm) |
| 530 ## - NOTA DISPONIBLE DE FORMULARIO FÍSICO ADICIONAL | |
| Nota de formato físico adicional disponible | Disponible en formato digital. |
| 597 ## - NOTA DE DESCRIPCIÓN FÍSICA | |
| NOTA DE DESCRIPCIÓN FÍSICA | Sign.: [ ]², a-g4, A-S4. |
| 597 ## - NOTA DE DESCRIPCIÓN FÍSICA | |
| NOTA DE DESCRIPCIÓN FÍSICA | Antep. |
| 597 ## - NOTA DE DESCRIPCIÓN FÍSICA | |
| NOTA DE DESCRIPCIÓN FÍSICA | Port. con grab. calc.: "Cruz inv. et sculp." |
| 650 04 - PUNTO DE ACCESO ADICIONAL DE MATERIA--TÉRMINO DE MATERIA | |
| Término de materia o nombre geográfico como elemento de entrada | Fueros- |
| Subdivisión geográfica | Castilla (Reino) |
| 9 (RLIN) | 12990 |
| 700 1# - ENTRADA AGREGADA--NOMBRE PERSONAL | |
| Nombre de persona | Asso y del Río, Ignacio Jordán de. |
| 9 (RLIN) | 23661 |
| 700 1# - ENTRADA AGREGADA--NOMBRE PERSONAL | |
| Nombre de persona | Manuel y Rodríguez, Miguel de. |
| 9 (RLIN) | 76188 |
| 700 1# - ENTRADA AGREGADA--NOMBRE PERSONAL | |
| Nombre de persona | Ibarra, Joaquín, |
| Fechas asociadas al nombre | 1725-1785 |
| 9 (RLIN) | 172326 |
| 852 ## - LOCALIZACIÓN | |
| Ubicación | ES-MaACL |
| Número de control de estantería | R-102 |
| Nota libre | - Enc. pasta española |
| Encuadernación | Olim:B-820 |
| 856 ## - LOCALIZACIÓN Y ACCESO ELECTRÓNICOS | |
| Identificador Uniforme de Recursos | <a href="http://bdh-rd.bne.es/viewer.vm?id=0000118147&page=1 ">http://bdh-rd.bne.es/viewer.vm?id=0000118147&page=1 </a> |
| Nota pública | Biblioteca Digital Hispánica |
| Estatus retirado | Estado de pérdida | Estado de daño | No para préstamo | Colección | Biblioteca de origen | Biblioteca actual | Ubicación en estantería | Fecha de adquisición | Fuente de adquisición | Total de préstamos | Signatura topográfica completa | Código de barras | Visto por última vez | Precio de reemplazo | Tipo de ítem Koha |
|---|---|---|---|---|---|---|---|---|---|---|---|---|---|---|---|
| Colección digital | Biblioteca del Ateneo de Madrid | Biblioteca del Ateneo de Madrid | Depósito | 17/01/2008 | R-102 | 1161242 | 23/02/2023 | 23/02/2023 | Libro impreso antiguo |
